000 00530nam a2200181Ia 4500
005 20250702113644.0
008 008 250516s9999 xx 000 0 eng d
020 _a9781071837818
040 _beng
_cSDCL
041 _aeng
_2eng
084 _aS9Z R4
100 _aCairns, Kenneth B.
_9809981
245 0 _aForensic psychology :
_bAn inside perspective on criminal thinking and behavior
260 _aNew Delhi :
_bSage Publications,
_c2024.
300 _axix, 259p.
650 _aApplied Psychology
942 _cTEXL
_2CC
999 _c1430380
_d1430380